Normal view
MARC view
- MODERN TRANSMISSION SYSTEMS
Entry Topical Term
001 - CONTROL NUMBER
- control field: 77952
003 - CONTROL NUMBER IDENTIFIER
- control field: NUST
005 - DATE AND TIME OF LATEST TRANSACTION
- control field: 20210628210034.0
008 - FIXED-LENGTH DATA ELEMENTS
- fixed length control field: 210628|| aca||aabn | a|a d
040 ## - CATALOGING SOURCE
- Original cataloging agency: NUST
- Transcribing agency: NUST
150 ## - HEADING--TOPICAL TERM
- Topical term or geographic name entry element: MODERN TRANSMISSION SYSTEMS
670 ## - SOURCE DATA FOUND
- Source citation: Work cat.: (NUST): JUDGE, ARTHUR W 41819, MODERN TRANSMISSION SYSTEMS, 1962
